000 00573nam a2200181 a 4500
005 20140412111222.0
008 020410s19uu xx 00 eng d
020 _a0-385-41116-2
050 _aTR(GS 372.19
_bW42 1991
245 _aWhat your 2nd grade needs to know /
_cedited by E. D. Hirsch Jr.
250 _a1st Ed.
260 _aNew York :
_bDouble Day,
_c1991.
300 _aviii p. ; 318 p.
440 _aThe Core Knowledge Series
650 _aSecond grade
_xEducation
_xUnited States
_xCurricula
650 _aCurriculum planning
_xUnited States
999 _c101948
_d101948